| 000 | 01012nam a2200253 a 4500 | ||
|---|---|---|---|
| 001 | ENG-90836 | ||
| 005 | 20071231103130.0 | ||
| 008 | 080901t xxu||||| |||| 00| 0 eng d | ||
| 010 | _aENG-90836 | ||
| 020 |
_c150.00 _a8176211931 |
||
| 035 | _aEN-74369 | ||
| 037 | _bDBAD /PUB | ||
| 040 | _aDPL | ||
| 082 | _a230.3 | ||
| 100 | _aDavis, Roy Eugene | ||
| 245 |
_aAbsolute knowledge that liberates consciousness: _cby Roy Eugene Davis _ban explanation of higher realities;what to know about your essence or being, relationship with the infinite, and ultimate spiritual destiny / |
||
| 260 |
_aNew Delhi _bFull Circle Publishing _c2007 |
||
| 270 |
_aJ-40, Jorbagh Lane _bNew Delhi _e110003 |
||
| 300 |
_a123p.: _c23 cm (pbk) _bill. |
||
| 650 | _aReligious philosophy | ||
| 650 | _aSpiritualism | ||
| 942 |
_2ddc _cEN _h230.3 _mDAV |
||
| 999 |
_c15246 _d15246 |
||